Swami Ramdas on Himself (Record no. 21055)

MARC details
000 -LEADER
fixed length control field 00267nam a22001217a 4500
082 ## - DEWEY DECIMAL CLASSIFICATION NUMBER
Classification number 294.543 RAM5
100 ## - MAIN ENTRY--AUTHOR NAME
Author name Ramdas, Swami
245 ## - TITLE STATEMENT
Title Swami Ramdas on Himself
260 ## - PUBLICATION, DISTRIBUTION, ETC. (IMPRINT)
Place of publication Kanhangad, Kerala
Name of publisher Anandashram
Year of publication 1994
300 ## - PHYSICAL DESCRIPTION
Number of Pages 167
650 ## - SUBJECT ADDED ENTRY--TOPICAL TERM
Topical Term Yoga
942 ## - ADDED ENTRY ELEMENTS (KOHA)
Koha item type Books
Holdings
Home library Current library Shelving location Date acquired Source of acquisition Cost, normal purchase price Full call number Accession Number Koha item type
Henry Martyn Institute Library Henry Martyn Institute Library General stacks 08/21/2014 Anandashram, Kerala 25.00 294.543 RAM5 24680 Books
                   Copyright © 2026 | Henry Martyn Institute | Hyderabad | TS-500052 | INDIA | Implemented by hmi.edu.in
Hit-Count:

Powered by Koha